00344nam a2200109Ia 4500008004100000020002200041041001200063100005100075245005500126260003200181650002100213231221s9999 xx 000 0 und d a978-3-642-16388-3 aEnglish aZhihua Cai, Hengjian Tong, Zhuo Kang, Yong Liu 0aComputational Intelligence and Intelligent Systems c2010bSpringer USaNew York aComputer Science